15 ciudades más pobladas de Turquía - Estadísticas

Estadísticas generales
  • Esta prueba ha sido intentada 82 veces
  • La puntuación promedio es 6 de 15
Estadísticas de respuestas
Puesto Población (2023) Respuesta % Correcto
1 15.655.924 Estambul
100%
2 5.803.482 Ankara
95%
5 2.696.249 Antalya
67%
3 4.479.525 Esmirna
62%
4 3.214.571 Bursa
61%
7 2.270.298 Adana
49%
9 2.164.134 Gaziantep
46%
11 1.938.389 Mersin
31%
6 2.320.241 Iconio
25%
12 1.818.133 Diyarbakır
23%
15 1.445.683 Kayseri
21%
8 2.213.964 Sanliurfa
15%
10 2.102.907 Kocaeli
10%
14 1.475.716 Manisa
8%
13 1.544.640 Hatay
7%
No se encontraron pruebas coincidentes
Distribución de puntuación
Porcentaje de gente con cada puntuación
Porcentaje por número respondido
Historial de tus puntuaciones
No has intentado esta prueba.